| 000 | 004780000a22001690004500 | ||
|---|---|---|---|
| 041 | 0 | _aENG | |
| 082 | 0 | 4 | _aG 287 T298b |
| 100 | 1 | _aTenney, Mary Alice | |
| 245 | 1 | 0 | _aBlueprint for a christian world : An analysis od the wesleyan way / Mary Alice Tenney |
| 260 | _aWinona Lake, IN., USA : Light and Life | ||
| 300 | _a292 Pag | ||
| 001 | 8830 | ||
| 942 | _cBK | ||
| 999 |
_c38945 _d38945 |
||
| 336 |
_atexto _btxt _2rdacontent |
||
| 337 |
_2rdamedia _asin mediación _bn |
||
| 338 |
_2rdacarrier _avolumen _bnc |
||